| 000 | 00545nam a2200229Ia 4500 | ||
|---|---|---|---|
| 003 | OSt | ||
| 005 | 20220918214404.0 | ||
| 006 | a|||||r|||| 00| 0 | ||
| 007 | ta | ||
| 008 | 220917b |||||||| |||| 00| 0 eng d | ||
| 024 | _a137,217 | ||
| 037 | _cTextual | ||
| 040 |
_aARTS _cARTS _beng |
||
| 041 |
_2eng _aeng |
||
| 082 | _aYb4, L0 | ||
| 100 | _aMyrdal Gunnar | ||
| 245 | 0 | _aObjectivity in social research | |
| 260 | _c1970 | ||
| 650 | _aSOCIOLOGY | ||
| 942 |
_hYb4, L0 _cTEXL _2CC |
||
| 999 |
_c260301 _d260301 |
||